| 000 | 00709nam a22002417a 4500 | ||
|---|---|---|---|
| 001 | 00028903 | ||
| 005 | 20260425101356.0 | ||
| 008 | 260425b ag ||||| |||| 00| 0 spa d | ||
| 020 | _a8475836666 | ||
| 040 |
_aAR-CcCEOS _bspa _cAR-CcCEOS |
||
| 041 | _aspa | ||
| 080 | _a930.85(7/8) | ||
| 090 | _bSNO v.1 | ||
| 100 |
_aCoe Snow y Benson _91129 |
||
| 245 |
_aLa América Antigua : _bCivilizaciones precolombinas : Volumen I /º _cCoe, Snow y Benson |
||
| 264 |
_aBarcelona : _bFolio, _c1994. |
||
| 300 |
_a150 p. ; _c24x18 cm. |
||
| 490 | _vAtlas cultural del mundo | ||
| 650 | 0 |
_ahistoria _990 |
|
| 655 | 0 |
_aarte _9138 |
|
| 942 |
_2udc _cBK _n0 |
||
| 999 |
_c28951 _d28951 |
||